SEC Team Names - Statistics

General Stats
  • This quiz has been taken 22 times
  • The average score is 14 of 16
Answer Stats
College Nickname % Correct
Georgia Bulldogs
100%
Florida Gators
100%
Alabama Crimson Tide
95%
Texas Longhorns
95%
Auburn Tigers
95%
LSU Tigers
95%
Tennessee Volunteers
95%
Arkansas Razorbacks
89%
Ole Miss Rebels
89%
Kentucky Wildcats
89%
Texas A&M Aggies
84%
South Carolina Gamecocks
84%
Oklahoma Sooners
84%
Missouri Tigers
74%
Mississippi State Bulldogs
68%
Vanderbilt Commodores
68%
No matching quizzes found
Score Distribution
Percent of People with Each Score
Percentile by Number Answered
Your Score History
You have not taken this quiz